000 00506nam a2200169 i 4500
001 24323
003 ES-MaACL
005 20250902102250.0
007 t|
008 021217s1931 sp ||||1| spa d
245 0 0 _aAnales de la Real Sociedad Española de Física y Química
_b: lista de socios, 1931.
260 _aToledo :
_bA. Medina,
_c1931.
300 _a32 p. ;
_c24 cm.
710 2 _aReal Sociedad Española de Física y Química
_96395
852 _aES-MaACL
_j1754-F-1
999 _c24323
_d24323